000 00453nam a2200157 4500
001 148741
003 ES-MaACL
005 20230906202800.0
007 t|
008 070214s1970 sp r ||||1| spa d
100 1 _aSuárez Yúfera, Francisco.
_9108668
245 1 0 _aCursilismo
_b: concepto equívoco /
_cFrancisco Suárez Yúfera.
260 _aMadrid :
_bEuroamerica,
_c1970.
300 _a42 p. ;
_c16 cm.
852 _aES-MaACL
_j2073-F-3
_bR.74122
999 _c148741
_d148741